Normal view MARC view
  • Heller,R.

Entry Personal Name

Number of records used in: 4

001 - CONTROL NUMBER

  • control field: 6008

003 - CONTROL NUMBER IDENTIFIER

  • control field: OSt

005 - DATE AND TIME OF LATEST TRANSACTION

  • control field: 20180209083724.0

008 - FIXED-LENGTH DATA ELEMENTS

  • fixed length control field: 180209|| aca||aabn | a|a d

040 ## - CATALOGING SOURCE

  • Original cataloging agency: OSt
  • Transcribing agency: OSt

100 ## - HEADING--PERSONAL NAME

  • Personal name: Heller,R.

670 ## - SOURCE DATA FOUND

  • Source citation: Work cat.: (OSt): Heller,R., The Winners Manual Selling Successfully, 2008

Powered by Koha